Gaming Quiz

Random Gaming or Letter Quiz

Easy Scrabble Bingos Quiz Stats

 Plays Quiz not verified by Sporcle

Score 0/26 Timer 10:00
0 Plays Today
Scrambled Letters Bingo! % Correct
VDRIESAADVISER
93.3%
CEESSAPESCAPES
88.3%
RECIKUQQUICKER
85.8%
BISZOEMZOMBIES
85.8%
EAMNARGMANAGER
85%
HASSWECCASHEWS
84.2%
FELBIESBELIEFS
81.7%
AYTANFSFANTASY
81.7%
SUNKLCOUNLOCKS
80.8%
AMNDDESDEMANDS
80%
TTSKCIETICKETS
78.3%
KLICNSENICKELS
77.5%
NHTOSREHORNETS
74.2%
Scrambled Letters Bingo! % Correct
EESSJYRJERSEYS
73.3%
ETOUMCOOUTCOME
73.3%
REALHETLEATHER
72.5%
EIOLVVNINVOLVE
69.2%
REXXOSEXEROXES
69.2%
UGYTSROYOGURTS
69.2%
COKPDLAPADLOCK
68.3%
LAANDVSVANDALS
68.3%
OCRNOCARACCOON
67.5%
RETAWDEWATERED
67.5%
DANCLSASCANDAL
65.8%
LKLEIRSKILLERS
60.8%
NHSAGIRGARNISH
59.2%

You're not logged in!

Compare scores with friends on all Sporcle quizzes.
OR
Log In

Show Comments

Extras

Top Quizzes Today


Score Distribution

Your Account Isn't Verified!

In order to create a playlist on Sporcle, you need to verify the email address you used during registration. Go to your Sporcle Settings to finish the process.

Report this User

Report this user for behavior that violates our Community Guidelines.

Details: